PAPA GIOVANNI - JOANNES XXIII (Record n. 105350)
[ formato base ]
| 000 -LEADER | |
|---|---|
| fixed length control field | 02358agaaa2200325 4500 |
| 001 - CONTROL NUMBER | |
| control field | 5227 |
| 003 - CONTROL NUMBER IDENTIFIER | |
| control field | IT-RoPAU |
| 005 - DATE AND TIME OF LATEST TRANSACTION | |
| control field | 20220918181231.0 |
| 007 - PHYSICAL DESCRIPTION FIXED FIELD--GENERAL INFORMATION | |
| fixed length control field | d cvaizq |
| 008 - FIXED-LENGTH DATA ELEMENTS--GENERAL INFORMATION | |
| fixed length control field | 50131s9999||||xx ||| | || ||und|| |
| 040 ## - CATALOGING SOURCE | |
| Original cataloging agency | IT-RoPAU |
| Transcribing agency | IT-RoPAU |
| 041 ## - LANGUAGE CODE | |
| Language code of text/sound track or separate title | ITALIANO |
| 100 ## - MAIN ENTRY--PERSONAL NAME | |
| Personal name | Capitani Giorgio |
| Miscellaneous information | Codice regista SPICS: 58033 |
| 9 (RLIN) | 40912 |
| 130 ## - MAIN ENTRY--UNIFORM TITLE | |
| Uniform title | PAPA GIOVANNI - JOANNES XXIII |
| 9 (RLIN) | 40913 |
| 245 ## - TITLE STATEMENT | |
| Title | PAPA GIOVANNI - JOANNES XXIII |
| Statement of responsibility, etc. | Prodotto da: Bernabei Luca -- Sceneggiatura: Serofolini Massimo Scardamaglia Francesco -- Diretto da: Capitani Giorgio |
| Name of part/section of a work | PAPA GIOVANNI - JOANNES XXIII (Rif. Codice opera principale : H5227) |
| 250 ## - EDITION STATEMENT | |
| Edition statement | Edizione Standard |
| 260 ## - PUBLICATION, DISTRIBUTION, ETC. (IMPRINT) | |
| Place of publication, distribution, etc. | (ITALIA) |
| Name of publisher, distributor, etc. | LUX VIDE - RAI FICTION - RAI TRADE - EOS INTE / Distribuzione: MULTIMEDIA SAN PAOLO |
| Date of manufacture | "2002 (1° ed.: 2004 ; Ed. Lingua Orig.: 2002)" |
| 300 ## - PHYSICAL DESCRIPTION | |
| Extent | DVD |
| Other physical details | sonoro, col. |
| Dimensions | 204 minuti |
| 508 ## - CREATION/PRODUCTION CREDITS NOTE | |
| Creation/production credits note | "Fotografia: Kuveiller Luigi; Montaggio: Siciliano Antonio; Musica: Frisina Marco; Sceneggiatura: Serofolini Massimo Scardamaglia Francesco; Scenografia: Vanorio Francesco; Soggetto: Scardamaglia Francesco -- Zizola Giancarlo" |
| 511 ## - PARTICIPANT OR PERFORMER NOTE | |
| Participant or performer note | "Asner Edward; Ghini Massimo; Rich Claude; Mendl Michael; Interlenghi Franco; Rome Syd" |
| 520 ## - SUMMARY, ETC. | |
| Summary, etc. | "QUANDO IL 28 OTTOBRE 1958 A 77 ANNI, ANGELO RONCALLI VENNE ELETTO PAPA, NESSUNO POTEVA IMMAGINARE CHE SAREBBE DIVENTATO UNO DEI PAPI PIU' IMPORTANTI DELLA STORIA, TRA I PIU' POPOLARI E RIVOLUZIONARI. ASSUNSE IL NOME DI SUO PADRE, DEL PATRONO DEL SUO PAESE NATALE EDELL'EVANGELISTA DELLA CARITA': GIOVANNI XXIII. AMATO DALLA GENTE, PAPA GIOVANNI MORI' DOPO APPENA QUATTRO ANNI DI PONTIFICATO IL 3 GIUGNO 1963. IL FILM RIPERCORRE LA SUA VITA, DA QUAND'ERA BAMBINO FINO ALLA MORTE SOTTOLINEANDO LE TAPPE DEL SUO SEGRETARIATO A BERGAMO; LA SUA ESPERIENZA IN BULGARIA, IN TURCHIA E A PARIGI; INOLTRE SI SOFFERMA SULLA PREPARAZIONE DEL CONCILIO VATICANO II." |
| 538 ## - SYSTEM DETAILS NOTE | |
| System details note | PAL, STEREO |
| 546 ## - LANGUAGE NOTE | |
| Language note | ITALIANO |
| 650 ## - SUBJECT ADDED ENTRY--TOPICAL TERM | |
| Topical term or geographic name as entry element | BIOGRAFICO |
| Relator term | DVD-FILM [DVD] |
| General subdivision | Codice MATERIA SPICS: 9947 |
| 9 (RLIN) | 37079 |
| 700 ## - ADDED ENTRY--PERSONAL NAME | |
| Personal name | Capitani Giorgio |
| Relator term | (regista) |
| Miscellaneous information | Codice regista SPICS: 58033 |
| 9 (RLIN) | 40914 |
| 700 ## - ADDED ENTRY--PERSONAL NAME | |
| Personal name | Frisina Marco |
| Relator term | (musica) |
| Miscellaneous information | Codice Musica SPICS: 38406 |
| 9 (RLIN) | 40915 |
| 700 ## - ADDED ENTRY--PERSONAL NAME | |
| Personal name | Scardamaglia Francesco |
| Relator term | (soggetto) |
| Miscellaneous information | Codice Soggetto SPICS: 32801 |
| 9 (RLIN) | 40916 |
| 700 ## - ADDED ENTRY--PERSONAL NAME | |
| Personal name | Zizola Giancarlo |
| Relator term | (soggetto) |
| Miscellaneous information | Codice Soggetto 2° SPICS: 19291 |
| 9 (RLIN) | 40917 |
| 942 ## - ADDED ENTRY ELEMENTS (KOHA) | |
| Koha item type | DVD |
| Source of classification or shelving scheme | Dewey Decimal Classification |
| Withdrawn status | Lost status | Damaged status | Not for loan | Home library | Current library | Date acquired | Total Checkouts | Full call number | Date last seen | Price effective from | Koha item type | Public note |
|---|---|---|---|---|---|---|---|---|---|---|---|---|
| Buone Condizioni | Not For Loan | SPICS-MEDIATECA | SPICS-MEDIATECA | 31/01/2015 | H5227 | 31/01/2015 | 31/01/2015 | DVD | Progr. Ins.: 3231 / N.Vol.:2 / Copie: 1 / Pag.:0 / Copia rara: n.d. / date import: 1.2.2015 / By Epidotti, Trombetti, Vaglietti |